[Event "Stay Safe Play From Home 152"]
[Site "T#646138Emanuel Laske"]
[Date "2020.05.17"]
[Round "5"]
[White "Haris kollari 13"]
[Black "Konmos"]
[Result "1-0"]
[WhiteElo "1679"]
[BlackElo "1786"]
[Annotator "NA"]
[PlyCount "97"]
[EventDate "2020.05.17"]
[EventType "swiss (blitz)"]

1. e4 {[%emt 0:00:01]} d5 {[%emt 0:00:01]} 2. exd5 {[%emt 0:00:02]} Nf6 {[%emt 0:00:00]} 3. c4 {[%emt 0:00:01]} c6 {[%emt 0:00:00]} 4. dxc6 {[%emt 0:00:01]} Nxc6 {[%emt 0:00:01]} 5. f4 {[%emt 0:00:00]} e5 {[%emt 0:00:01]} 6. fxe5 {[%emt 0:00:01]} Nxe5 {[%emt 0:00:00]} 7. Nf3 {[%emt 0:00:00]} Nd3+ {[%emt 0:00:01]} 8. Bxd3 {[%emt 0:00:01]} Qxd3 {[%emt 0:00:00]} 9. Qe2+ {[%emt 0:00:01]} Qxe2+ {[%emt 0:00:01]} 10. Kxe2 {[%emt 0:00:01]} Bg4 {[%emt 0:00:02]} 11. d4 {[%emt 0:00:01]} O-O-O {[%emt 0:00:01]} 12. Be3 {[%emt 0:00:01]} Re8 {[%emt 0:00:04]} 13. Kf2 {[%emt 0:00:03]} Bxf3 {[%emt 0:00:02]} 14. gxf3 {[%emt 0:00:01]} Bd6 {[%emt 0:00:01]} 15. Nc3 {[%emt 0:00:01]} Nh5 {[%emt 0:00:02]} 16. Rae1 {[%emt 0:00:01]} Bf4 {[%emt 0:00:01]} 17. Ne4 {[%emt 0:00:02]} Bxe3+ {[%emt 0:00:01]} 18. Rxe3 {[%emt 0:00:03]} f5 {[%emt 0:00:03]} 19. Nd6+ {[%emt 0:00:01]} Kd7 {[%emt 0:00:02]} 20. Nxe8 {[%emt 0:00:01]} Rxe8 {[%emt 0:00:00]} 21. Rxe8 {[%emt 0:00:01]} Kxe8 {[%emt 0:00:00]} 22. Re1+ {[%emt 0:00:01]} Kd7 {[%emt 0:00:00]} 23. Re5 {[%emt 0:00:01]} g6 {[%emt 0:00:01]} 24. b4 {[%emt 0:00:02]} Nf4 {[%emt 0:00:01]} 25. Ke3 {[%emt 0:00:04]} Ng2+ {[%emt 0:00:02]} 26. Kd2 {[%emt 0:00:01]} Nf4 {[%emt 0:00:01]} 27. Rb5 {[%emt 0:00:02]} Kc7 {[%emt 0:00:02]} 28. Re5 {[%emt 0:00:01]} Nh3 {[%emt 0:00:05]} 29. d5 {[%emt 0:00:01]} Ng1 {[%emt 0:00:01]} 30. Ke3 {[%emt 0:00:01]} Kd6 {[%emt 0:00:01]} 31. Re6+ {[%emt 0:00:01]} Kd7 {[%emt 0:00:01]} 32. c5 {[%emt 0:00:01]} Nh3 {[%emt 0:00:01]} 33. Rf6 {[%emt 0:00:01]} Ke7 {[%emt 0:00:01]} 34. Re6+ {[%emt 0:00:02]} Kd7 {[%emt 0:00:00]} 35. Re5 {[%emt 0:00:01]} a6 {[%emt 0:00:03]} 36. d6 {[%emt 0:00:01]} Ng5 {[%emt 0:00:02]} 37. Re7+ {[%emt 0:00:01]} Kc6 {[%emt 0:00:02]} 38. a4 {[%emt 0:00:00]} Kd5 {[%emt 0:00:03]} 39. d7 {[%emt 0:00:01]} Ne6 {[%emt 0:00:01]} 40. Rxe6 {[%emt 0:00:01]} Kxe6 {[%emt 0:00:01]} 41. d8=Q {[%emt 0:00:00]} b5 {[%emt 0:00:00]} 42. Qd6+ {[%emt 0:00:01]} Kf7 {[%emt 0:00:01]} 43. axb5 {[%emt 0:00:00]} axb5 {[%emt 0:00:01]} 44. c6 {[%emt 0:00:00]} f4+ {[%emt 0:00:00]} 45. Kxf4 {[%emt 0:00:01]} Kg7 {[%emt 0:00:01]} 46. c7 {[%emt 0:00:00]} Kh6 {[%emt 0:00:00]} 47. c8=Q {[%emt 0:00:00]} Kh5 {[%emt 0:00:00]} 48. Qcf8 {[%emt 0:00:00]} h6 {[%emt 0:00:00]} 49. Qe5+ {[%emt 0:00:01] Zeit ' (Lag: Av=0.81s, max=1.0s)} 1-0

[Event "Stay Safe Play From Home 152"]
[Site "T#646138Emanuel Laske"]
[Date "2020.05.17"]
[Round "5"]
[White "Edmatuag"]
[Black "Castlingarrocco"]
[Result "0-1"]
[WhiteElo "1655"]
[BlackElo "2010"]
[PlyCount "76"]
[EventDate "2020.05.17"]
[EventType "swiss (blitz)"]

1. Nf3 {[%emt 0:00:01]} d5 {[%emt 0:00:01]} 2. e4 {[%emt 0:00:01]} c6 {[%emt 0:00:00]} 3. exd5 {[%emt 0:00:02]} cxd5 {[%emt 0:00:00]} 4. Bd3 {[%emt 0:00:01]} e6 {[%emt 0:00:00]} 5. c3 {[%emt 0:00:01]} f5 {[%emt 0:00:01]} 6. Bc2 {[%emt 0:00:01]} Nf6 {[%emt 0:00:00]} 7. d4 {[%emt 0:00:01]} Bd6 {[%emt 0:00:01]} 8. Bg5 {[%emt 0:00:01]} O-O {[%emt 0:00:01]} 9. Nbd2 {[%emt 0:00:01]} Qe8 {[%emt 0:00:01]} 10. Ne5 {[%emt 0:00:01]} Ne4 {[%emt 0:00:02]} 11. Bf4 {[%emt 0:00:03]} g5 {[%emt 0:00:01]} 12. Nxe4 {[%emt 0:00:04]} fxe4 {[%emt 0:00:02]} 13. Bxg5 {[%emt 0:00:03]} Bxe5 {[%emt 0:00:01]} 14. dxe5 {[%emt 0:00:02]} Qg6 {[%emt 0:00:01]} 15. Bf6 {[%emt 0:00:01]} Nc6 {[%emt 0:00:01]} 16. Qe2 {[%emt 0:00:03]} Rf7 {[%emt 0:00:01]} 17. O-O-O {[%emt 0:00:01]} Bd7 {[%emt 0:00:01]} 18. h4 {[%emt 0:00:01]} Raf8 {[%emt 0:00:02]} 19. h5 {[%emt 0:00:01]} Qf5 {[%emt 0:00:01]} 20. Rh3 {[%emt 0:00:01]} Rg7 {[%emt 0:00:02]} 21. Bxg7 {[%emt 0:00:02]} Kxg7 {[%emt 0:00:00]} 22. Rg3+ {[%emt 0:00:01]} Kf7 {[%emt 0:00:01]} 23. Rf1 {[%emt 0:00:02]} Ke7 {[%emt 0:00:01]} 24. f3 {[%emt 0:00:01]} Nxe5 {[%emt 0:00:02]} 25. Rh3 {[%emt 0:00:07]} Qf6 {[%emt 0:00:04]} 26. Rhh1 {[%emt 0:00:05]} exf3 {[%emt 0:00:01]} 27. gxf3 {[%emt 0:00:02]} Qf4+ {[%emt 0:00:01]} 28. Kb1 {[%emt 0:00:01]} Nxf3 {[%emt 0:00:01]} 29. Qxf3 {[%emt 0:00:01]} Qxf3 {[%emt 0:00:01]} 30. Rxf3 {[%emt 0:00:00]} Rxf3 {[%emt 0:00:01]} 31. h6 {[%emt 0:00:01]} Rf7 {[%emt 0:00:00]} 32. Rg1 {[%emt 0:00:01]} e5 {[%emt 0:00:01]} 33. Rg7 {[%emt 0:00:01]} Rxg7 {[%emt 0:00:01]} 34. hxg7 {[%emt 0:00:00]} Kf7 {[%emt 0:00:00]} 35. Bxh7 {[%emt 0:00:01]} Kxg7 {[%emt 0:00:01]} 36. Bd3 {[%emt 0:00:00]} Kf6 {[%emt 0:00:00]} 37. Be2 {[%emt 0:00:00]} Bc6 {[%emt 0:00:00]} 38. Kc2 {[%emt 0:00:01]} e4 {[%emt 0:00:00] Time (Lag: Av=0.42s, max=0.9s)} 0-1

[Event "Stay Safe Play From Home 152"]
[Site "T#646138Emanuel Laske"]
[Date "2020.05.17"]
[Round "5"]
[White "Mandy"]
[Black "Trotsky"]
[Result "0-1"]
[WhiteElo "943"]
[BlackElo "1590"]
[Annotator "NA"]
[PlyCount "48"]
[EventDate "2020.05.17"]
[EventType "swiss (blitz)"]

1. d4 {[%emt 0:00:02]} d5 {[%emt 0:00:01]} 2. Bf4 {[%emt 0:00:02]} e6 {[%emt 0:00:00]} 3. e3 {[%emt 0:00:00]} c5 {[%emt 0:00:01]} 4. c3 {[%emt 0:00:03]} Nc6 {[%emt 0:00:01]} 5. Nf3 {[%emt 0:00:01]} c4 {[%emt 0:00:01]} 6. h3 {[%emt 0:00:00]} Bd6 {[%emt 0:00:01]} 7. Ne5 {[%emt 0:00:04]} Qc7 {[%emt 0:00:01]} 8. Nd2 {[%emt 0:00:01]} h5 {[%emt 0:00:01]} 9. Bd3 {[%emt 0:00:02]} Bd7 {[%emt 0:00:02]} 10. Qe2 {[%emt 0:00:01]} Nxe5 {[%emt 0:00:07]} 11. dxe5 {[%emt 0:00:03]} Bxe5 {[%emt 0:00:03]} 12. Bxe5 {[%emt 0:00:02]} Qxe5 {[%emt 0:00:01]} 13. e4 {[%emt 0:00:03]} Nf6 {[%emt 0:00:02]} 14. Nf3 {[%emt 0:00:01]} Qc7 {[%emt 0:00:02]} 15. e5 {[%emt 0:00:02]} Ng8 {[%emt 0:00:06]} 16. O-O {[%emt 0:00:03]} O-O-O {[%emt 0:00:01]} 17. Rad1 {[%emt 0:00:03]} f6 {[%emt 0:00:01]} 18. b4 {[%emt 0:00:08]} Nh6 {[%emt 0:00:01]} 19. a3 {[%emt 0:00:01]} Ng4 {[%emt 0:00:01]} 20. hxg4 {[%emt 0:00:03]} hxg4 {[%emt 0:00:01]} 21. Nh2 {[%emt 0:00:06]} fxe5 {[%emt 0:00:01]} 22. Bg6 {[%emt 0:00:04]} e4 {[%emt 0:00:01]} 23. Nxg4 {[%emt 0:00:03]} Rh4 {[%emt 0:00:03]} 24. Ne5 {[%emt 0:00:01]} Rdh8 {[%emt 0:00:02] Zeit (Lag: Av=0.37s, max=1.2s)} 0-1

[Event "Stay Safe Play From Home 152"]
[Site "T#646138Emanuel Laske"]
[Date "2020.05.17"]
[Round "6"]
[White "XShot"]
[Black "Sfantul321"]
[Result "1-0"]
[WhiteElo "2464"]
[BlackElo "2066"]
[Annotator "NA"]
[PlyCount "115"]
[EventDate "2020.05.17"]
[EventType "swiss (blitz)"]

1. d4 {[%emt 0:00:01]} g6 {[%emt 0:00:00]} 2. Nf3 {[%emt 0:00:00]} Bg7 {[%emt 0:00:00]} 3. g3 {[%emt 0:00:00]} d6 {[%emt 0:00:00]} 4. Bg2 {[%emt 0:00:01]} Nf6 {[%emt 0:00:00]} 5. O-O {[%emt 0:00:00]} O-O {[%emt 0:00:00]} 6. c4 {[%emt 0:00:01]} Nc6 {[%emt 0:00:01]} 7. Nc3 {[%emt 0:00:01]} Bg4 {[%emt 0:00:01]} 8. Qa4 {[%emt 0:00:01]} Qc8 {[%emt 0:00:01]} 9. d5 {[%emt 0:00:01]} Nd8 {[%emt 0:00:02]} 10. Re1 {[%emt 0:00:01]} e5 {[%emt 0:00:01]} 11. e4 {[%emt 0:00:01]} Nd7 {[%emt 0:00:02]} 12. b4 {[%emt 0:00:02]} Bxf3 {[%emt 0:00:01]} 13. Bxf3 {[%emt 0:00:01]} f5 {[%emt 0:00:00]} 14. c5 {[%emt 0:00:01]} dxc5 {[%emt 0:00:02]} 15. bxc5 {[%emt 0:00:00]} Nxc5 {[%emt 0:00:01]} 16. Qa3 {[%emt 0:00:00]} Nd7 {[%emt 0:00:01]} 17. Be3 {[%emt 0:00:02]} fxe4 {[%emt 0:00:01]} 18. Bxe4 {[%emt 0:00:02]} Nf6 {[%emt 0:00:01]} 19. Bg2 {[%emt 0:00:01]} Nf7 {[%emt 0:00:01]} 20. Rad1 {[%emt 0:00:01]} Nd6 {[%emt 0:00:01]} 21. Bc5 {[%emt 0:00:00]} Qd7 {[%emt 0:00:02]} 22. Bxd6 {[%emt 0:00:02]} cxd6 {[%emt 0:00:01]} 23. Ne4 {[%emt 0:00:01]} Nxe4 {[%emt 0:00:01]} 24. Bxe4 {[%emt 0:00:01]} Rf7 {[%emt 0:00:01]} 25. Bg2 {[%emt 0:00:01]} Raf8 {[%emt 0:00:01]} 26. Re2 {[%emt 0:00:01]} a6 {[%emt 0:00:01]} 27. Qd3 {[%emt 0:00:02]} Qf5 {[%emt 0:00:02]} 28. Qxf5 {[%emt 0:00:02]} Rxf5 {[%emt 0:00:01]} 29. Bh3 {[%emt 0:00:00]} R5f6 {[%emt 0:00:01]} 30. Be6+ {[%emt 0:00:00]} Kh8 {[%emt 0:00:01]} 31. Rb1 {[%emt 0:00:01]} b5 {[%emt 0:00:02]} 32. a4 {[%emt 0:00:01]} bxa4 {[%emt 0:00:01]} 33. Rb4 {[%emt 0:00:01]} Bh6 {[%emt 0:00:04]} 34. Rxa4 {[%emt 0:00:01]} Ra8 {[%emt 0:00:01]} 35. Kg2 {[%emt 0:00:01]} Rff8 {[%emt 0:00:02]} 36. Rea2 {[%emt 0:00:01]} Rfb8 {[%emt 0:00:01]} 37. Rxa6 {[%emt 0:00:01]} Rxa6 {[%emt 0:00:00]} 38. Rxa6 {[%emt 0:00:00]} Bd2 {[%emt 0:00:01]} 39. Rxd6 {[%emt 0:00:01]} Bc3 {[%emt 0:00:02]} 40. Rc6 {[%emt 0:00:01]} Bd4 {[%emt 0:00:01]} 41. Rc2 {[%emt 0:00:00]} Rb2 {[%emt 0:00:02]} 42. Rxb2 {[%emt 0:00:02]} Bxb2 {[%emt 0:00:01]} 43. d6 {[%emt 0:00:00]} e4 {[%emt 0:00:02]} 44. d7 {[%emt 0:00:01]} Bf6 {[%emt 0:00:01]} 45. Bd5 {[%emt 0:00:00]} e3 {[%emt 0:00:01]} 46. fxe3 {[%emt 0:00:01]} Bd8 {[%emt 0:00:00]} 47. Kf3 {[%emt 0:00:00]} Kg7 {[%emt 0:00:00]} 48. Be4 {[%emt 0:00:01]} Kf6 {[%emt 0:00:00]} 49. Bc6 {[%emt 0:00:01]} Ke6 {[%emt 0:00:01]} 50. Ba4 {[%emt 0:00:00]} Kd6 {[%emt 0:00:01]} 51. Kg4 {[%emt 0:00:01]} h6 {[%emt 0:00:01]} 52. h4 {[%emt 0:00:01]} Ke5 {[%emt 0:00:01]} 53. h5 {[%emt 0:00:01]} g5 {[%emt 0:00:01]} 54. Bc2 {[%emt 0:00:02]} Ke6 {[%emt 0:00:01]} 55. Ba4 {[%emt 0:00:01]} Ke5 {[%emt 0:00:01]} 56. Kf3 {[%emt 0:00:01]} Kf5 {[%emt 0:00:01]} 57. g4+ {[%emt 0:00:00]} Ke5 {[%emt 0:00:00]} 58. Bb3 {[%emt 0:00:01] Time (Lag: Av=0.39s, max=1.1s)} 1-0

[Event "Stay Safe Play From Home 152"]
[Site "T#646138Emanuel Laske"]
[Date "2020.05.17"]
[Round "6"]
[White "Indianquant"]
[Black "Mepe_Nika"]
[Result "1-0"]
[WhiteElo "2254"]
[BlackElo "2333"]
[Annotator "RC"]
[PlyCount "89"]
[EventDate "2020.05.17"]
[EventType "swiss (blitz)"]

1. Nf3 {[%emt 0:00:01]} Nf6 {[%emt 0:00:01]} 2. c4 {[%emt 0:00:01]} c6 {[%emt 0:00:01]} 3. d4 {[%emt 0:00:01]} d5 {[%emt 0:00:00]} 4. e3 {[%emt 0:00:00]} e6 {[%emt 0:00:01]} 5. Nc3 {[%emt 0:00:01]} Nbd7 {[%emt 0:00:01]} 6. Bd3 {[%emt 0:00:01]} dxc4 {[%emt 0:00:01]} 7. Bxc4 {[%emt 0:00:00]} b5 {[%emt 0:00:01]} 8. Be2 {[%emt 0:00:00]} Bd6 {[%emt 0:00:01]} 9. O-O {[%emt 0:00:00]} O-O {[%emt 0:00:01]} 10. e4 {[%emt 0:00:00]} e5 {[%emt 0:00:01]} 11. Bg5 {[%emt 0:00:00]} Bb7 {[%emt 0:00:03]} 12. a3 {[%emt 0:00:04]} Qb8 {[%emt 0:00:03]} 13. d5 {[%emt 0:00:02]} a6 {[%emt 0:00:02]} 14. dxc6 {[%emt 0:00:02]} Bxc6 {[%emt 0:00:00]} 15. Rc1 {[%emt 0:00:02]} Rc8 {[%emt 0:00:02]} 16. Qd3 {[%emt 0:00:03]} Be7 {[%emt 0:00:02]} 17. Nd5 {[%emt 0:00:04]} Bxd5 {[%emt 0:00:03]} 18. exd5 {[%emt 0:00:00]} Rxc1 {[%emt 0:00:01]} 19. Rxc1 {[%emt 0:00:01]} h6 {[%emt 0:00:01]} 20. Bxf6 {[%emt 0:00:01]} Nxf6 {[%emt 0:00:00]} 21. Qd2 {[%emt 0:00:02]} Qd8 {[%emt 0:00:02]} 22. Rd1 {[%emt 0:00:02]} e4 {[%emt 0:00:01]} 23. Ne5 {[%emt 0:00:01]} Qd6 {[%emt 0:00:01]} 24. Nc6 {[%emt 0:00:01]} Bf8 {[%emt 0:00:01]} 25. Qd4 {[%emt 0:00:04]} h5 {[%emt 0:00:01]} 26. h3 {[%emt 0:00:02]} Re8 {[%emt 0:00:01]} 27. Nb4 {[%emt 0:00:01]} g6 {[%emt 0:00:02]} 28. Nc2 {[%emt 0:00:05]} Bg7 {[%emt 0:00:01]} 29. Qe3 {[%emt 0:00:01]} Rd8 {[%emt 0:00:03]} 30. Nb4 {[%emt 0:00:01]} a5 {[%emt 0:00:02]} 31. Nc6 {[%emt 0:00:01]} Re8 {[%emt 0:00:03]} 32. Bxb5 {[%emt 0:00:01]} Kh7 {[%emt 0:00:04]} 33. Nxa5 {[%emt 0:00:03]} Rb8 {[%emt 0:00:01]} 34. Nc4 {[%emt 0:00:00]} Qd8 {[%emt 0:00:03]} 35. Bc6 {[%emt 0:00:01]} Nd7 {[%emt 0:00:03]} 36. b4 {[%emt 0:00:01]} Ne5 {[%emt 0:00:02]} 37. Nxe5 {[%emt 0:00:01]} Bxe5 {[%emt 0:00:00]} 38. Qxe4 {[%emt 0:00:00]} Qg5 {[%emt 0:00:01]} 39. h4 {[%emt 0:00:01]} Qf6 {[%emt 0:00:01]} 40. f4 {[%emt 0:00:01]} Bd6 {[%emt 0:00:00]} 41. f5 {[%emt 0:00:01]} Rd8 {[%emt 0:00:01]} 42. fxg6+ {[%emt 0:00:00]} Qxg6 {[%emt 0:00:00]} 43. Rf1 {[%emt 0:00:00]} Qxe4 {[%emt 0:00:02]} 44. Rxf7+ {[%emt 0:00:02]} Kh8 {[%emt 0:00:00]} 45. Rh7+ {[%emt 0:00:00] Time (Lag: Av=0.59s, max=1.7s)} 1-0

[Event "Stay Safe Play From Home 152"]
[Site "T#646138Emanuel Laske"]
[Date "2020.05.17"]
[Round "6"]
[White "Fischer_11"]
[Black "Haris kollari 13"]
[Result "1-0"]
[WhiteElo "2037"]
[BlackElo "1701"]
[Annotator "NA"]
[PlyCount "77"]
[EventDate "2020.05.17"]
[EventType "swiss (blitz)"]

1. e4 {[%emt 0:00:01]} e6 {[%emt 0:00:01]} 2. d4 {[%emt 0:00:01]} d5 {[%emt 0:00:01]} 3. Nd2 {[%emt 0:00:00]} Nf6 {[%emt 0:00:01]} 4. e5 {[%emt 0:00:01]} Nfd7 {[%emt 0:00:00]} 5. c3 {[%emt 0:00:00]} c5 {[%emt 0:00:00]} 6. f4 {[%emt 0:00:00]} Nc6 {[%emt 0:00:01]} 7. Ndf3 {[%emt 0:00:00]} a6 {[%emt 0:00:01]} 8. g3 {[%emt 0:00:01]} c4 {[%emt 0:00:01]} 9. Ne2 {[%emt 0:00:02]} b5 {[%emt 0:00:01]} 10. Bh3 {[%emt 0:00:01]} Nb6 {[%emt 0:00:00]} 11. f5 {[%emt 0:00:00]} exf5 {[%emt 0:00:01]} 12. Qc2 {[%emt 0:00:00]} g6 {[%emt 0:00:02]} 13. O-O {[%emt 0:00:01]} Be6 {[%emt 0:00:01]} 14. Kh1 {[%emt 0:00:00]} Qd7 {[%emt 0:00:01]} 15. Rg1 {[%emt 0:00:00]} Be7 {[%emt 0:00:01]} 16. Ng5 {[%emt 0:00:01]} O-O-O {[%emt 0:00:03]} 17. Nxe6 {[%emt 0:00:02]} fxe6 {[%emt 0:00:01]} 18. b3 {[%emt 0:00:01]} h6 {[%emt 0:00:02]} 19. bxc4 {[%emt 0:00:01]} Nxc4 {[%emt 0:00:01]} 20. a4 {[%emt 0:00:01]} Rdg8 {[%emt 0:00:05]} 21. axb5 {[%emt 0:00:01]} axb5 {[%emt 0:00:01]} 22. Bf1 {[%emt 0:00:08]} b4 {[%emt 0:00:01]} 23. Nf4 {[%emt 0:00:01]} bxc3 {[%emt 0:00:02]} 24. Bxc4 {[%emt 0:00:03]} dxc4 {[%emt 0:00:01]} 25. Qxc3 {[%emt 0:00:01]} Qxd4 {[%emt 0:00:01]} 26. Qxd4 {[%emt 0:00:01]} Nxd4 {[%emt 0:00:01]} 27. Be3 {[%emt 0:00:00]} Nc2 {[%emt 0:00:02]} 28. Ra7 {[%emt 0:00:07]} Nxe3 {[%emt 0:00:02]} 29. Nxe6 {[%emt 0:00:01]} Bb4 {[%emt 0:00:04]} 30. Rc1 {[%emt 0:00:04]} c3 {[%emt 0:00:02]} 31. Ra4 {[%emt 0:00:03]} Nd5 {[%emt 0:00:02]} 32. Rd1 {[%emt 0:00:02]} c2 {[%emt 0:00:05]} 33. Rc1 {[%emt 0:00:01]} Re8 {[%emt 0:00:06]} 34. Nd4 {[%emt 0:00:01]} Bd2 {[%emt 0:00:02]} 35. Rxc2+ {[%emt 0:00:03]} Kd7 {[%emt 0:00:00]} 36. Rxd2 {[%emt 0:00:01]} Rxe5 {[%emt 0:00:01]} 37. Nf3 {[%emt 0:00:01]} Re3 {[%emt 0:00:02]} 38. Rad4 {[%emt 0:00:00]} Rxf3 {[%emt 0:00:01]} 39. Rxd5+ {[%emt 0:00:00] Time} 1-0

[Event "Stay Safe Play From Home 152"]
[Site "T#646138Emanuel Laske"]
[Date "2020.05.17"]
[Round "6"]
[White "Castlingarrocco"]
[Black "SoulofWolf"]
[Result "1-0"]
[WhiteElo "2014"]
[BlackElo "2169"]
[PlyCount "135"]
[EventDate "2020.05.17"]
[EventType "swiss (blitz)"]

1. d4 {[%emt 0:00:01]} e6 {[%emt 0:00:00]} 2. e3 {[%emt 0:00:00]} d5 {[%emt 0:00:00]} 3. f4 {[%emt 0:00:00]} Be7 {[%emt 0:00:00]} 4. Nf3 {[%emt 0:00:00]} c6 {[%emt 0:00:00]} 5. Bd3 {[%emt 0:00:00]} Nd7 {[%emt 0:00:00]} 6. Ne5 {[%emt 0:00:00]} Ngf6 {[%emt 0:00:00]} 7. c3 {[%emt 0:00:00]} Ne4 {[%emt 0:00:01]} 8. Bxe4 {[%emt 0:00:01]} dxe4 {[%emt 0:00:00]} 9. Nd2 {[%emt 0:00:00]} Nf6 {[%emt 0:00:00]} 10. Qc2 {[%emt 0:00:02]} Qc7 {[%emt 0:00:02]} 11. Nxe4 {[%emt 0:00:01]} b6 {[%emt 0:00:01]} 12. Nxf6+ {[%emt 0:00:01]} Bxf6 {[%emt 0:00:00]} 13. Qf2 {[%emt 0:00:01]} Bb7 {[%emt 0:00:00]} 14. O-O {[%emt 0:00:01]} O-O-O {[%emt 0:00:00]} 15. e4 {[%emt 0:00:01]} Rhf8 {[%emt 0:00:01]} 16. Be3 {[%emt 0:00:01]} Be7 {[%emt 0:00:00]} 17. a4 {[%emt 0:00:01]} a5 {[%emt 0:00:02]} 18. Rfb1 {[%emt 0:00:03]} Ba6 {[%emt 0:00:00]} 19. b4 {[%emt 0:00:01]} h5 {[%emt 0:00:03]} 20. bxa5 {[%emt 0:00:01]} bxa5 {[%emt 0:00:01]} 21. c4 {[%emt 0:00:01]} f6 {[%emt 0:00:01]} 22. Ng6 {[%emt 0:00:02]} Rf7 {[%emt 0:00:00]} 23. Nxe7+ {[%emt 0:00:01]} Qxe7 {[%emt 0:00:00]} 24. c5 {[%emt 0:00:01]} Rd7 {[%emt 0:00:02]} 25. Qb2 {[%emt 0:00:01]} Rb7 {[%emt 0:00:01]} 26. Qc3 {[%emt 0:00:01]} Qc7 {[%emt 0:00:02]} 27. Rxb7 {[%emt 0:00:02]} Qxb7 {[%emt 0:00:00]} 28. Qxa5 {[%emt 0:00:04]} Bc4 {[%emt 0:00:04]} 29. Qb6 {[%emt 0:00:01]} h4 {[%emt 0:00:05]} 30. a5 {[%emt 0:00:02]} Ba6 {[%emt 0:00:02]} 31. Rb1 {[%emt 0:00:02]} g6 {[%emt 0:00:02]} 32. Qxb7+ {[%emt 0:00:02]} Bxb7 {[%emt 0:00:00]} 33. Kf2 {[%emt 0:00:01]} Kc7 {[%emt 0:00:02]} 34. Rb6 {[%emt 0:00:01]} Ba8 {[%emt 0:00:02]} 35. g3 {[%emt 0:00:01]} hxg3+ {[%emt 0:00:01]} 36. hxg3 {[%emt 0:00:00]} Rh7 {[%emt 0:00:00]} 37. Kf3 {[%emt 0:00:01]} Rh1 {[%emt 0:00:01]} 38. g4 {[%emt 0:00:01]} Ra1 {[%emt 0:00:01]} 39. g5 {[%emt 0:00:02]} fxg5 {[%emt 0:00:02]} 40. fxg5 {[%emt 0:00:01]} Rxa5 {[%emt 0:00:00]} 41. Bf4+ {[%emt 0:00:01]} Kd7 {[%emt 0:00:03]} 42. Rb8 {[%emt 0:00:01]} Ke7 {[%emt 0:00:02]} 43. Rg8 {[%emt 0:00:00]} Kf7 {[%emt 0:00:00]} 44. Rc8 {[%emt 0:00:01]} Ra7 {[%emt 0:00:02]} 45. Rc7+ {[%emt 0:00:02]} Rxc7 {[%emt 0:00:01]} 46. Bxc7 {[%emt 0:00:00]} Bb7 {[%emt 0:00:00]} 47. Kf4 {[%emt 0:00:00]} Ke7 {[%emt 0:00:00]} 48. Ke5 {[%emt 0:00:00]} Kf7 {[%emt 0:00:00]} 49. Kd6 {[%emt 0:00:01]} Ba8 {[%emt 0:00:01]} 50. d5 {[%emt 0:00:00]} cxd5 {[%emt 0:00:01]} 51. exd5 {[%emt 0:00:01]} exd5 {[%emt 0:00:00]} 52. c6 {[%emt 0:00:01]} d4 {[%emt 0:00:01]} 53. Ba5 {[%emt 0:00:01]} d3 {[%emt 0:00:00]} 54. Bd2 {[%emt 0:00:00]} Kg7 {[%emt 0:00:01]} 55. c7 {[%emt 0:00:00]} Bb7 {[%emt 0:00:00]} 56. Kd7 {[%emt 0:00:01]} Kf7 {[%emt 0:00:01]} 57. Kd8 {[%emt 0:00:00]} Bc8 {[%emt 0:00:00]} 58. Kxc8 {[%emt 0:00:02]} Ke6 {[%emt 0:00:00]} 59. Kb8 {[%emt 0:00:00]} Kf5 {[%emt 0:00:00]} 60. c8=Q+ {[%emt 0:00:00]} Ke4 {[%emt 0:00:00]} 61. Qc4+ {[%emt 0:00:00]} Kf3 {[%emt 0:00:00]} 62. Qxd3+ {[%emt 0:00:00]} Kg4 {[%emt 0:00:01]} 63. Qxg6 {[%emt 0:00:00]} Kh3 {[%emt 0:00:01]} 64. Qf6 {[%emt 0:00:00]} Kg4 {[%emt 0:00:00]} 65. g6 {[%emt 0:00:00]} Kh5 {[%emt 0:00:00]} 66. g7 {[%emt 0:00:00]} Kg4 {[%emt 0:00:00]} 67. g8=Q+ {[%emt 0:00:00]} Kh3 {[%emt 0:00:00]} 68. Qfh8# {[%emt 0:00:00] (Lag: Av=0.28s, max=1.0s)} 1-0